| 000 | 00434nam a2200169Ia 4500 | ||
|---|---|---|---|
| 008 | 131103s9999 xx 000 0 und d | ||
| 040 | _aLoreto College | ||
| 041 | _aEnglish | ||
| 082 |
_a821/CLA _bLCBkB/E46 |
||
| 100 | _aClare, M. Teresa | ||
| 245 | 2 |
_aA book of poetry _cM. Teresa Clare |
|
| 260 |
_aNew york _bMacmillan _c1960 |
||
| 300 |
_a193p. _c 23cm. |
||
| 650 | _aEnglish poetry | ||
| 850 | _aLCBkB/821/CLA | ||
| 942 | _cBK | ||
| 999 |
_c35669 _d86148 |
||